LEADER 00925nam a2200277 i 4500 001 991002928849707536 005 20020509105151.0 008 980130s1983 it ||| | ita 020 $a8807100045 035 $ab11082057-39ule_inst 035 $aPARLA171718$9ExL 040 $aDip.to Filosofia$bita 082 0 $a820 100 1 $aHesse, Eva$0400432 245 10$aEzra Pound :$bmetodo e follia /$cEva Hesse ; traduzione di R. Pedio 260 $aMilano :$bFeltrinelli,$c1983 300 $a280 p. ;$c22 cm. 490 0 $aCampi del Sapere / Feltrinelli 650 4$aPound, Ezra 700 1 $aPedio, Renato 907 $a.b11082057$b23-02-17$c28-06-02 912 $a991002928849707536 945 $aLE005 800 POU01. HES01. 01$g1$i2005000005947$lle005$o-$pE0.00$q-$rl$s- $t0$u0$v0$w0$x0$y.i11212366$z28-06-02 996 $aEzra Pound$9142253 997 $aUNISALENTO 998 $ale005$b01-01-98$cm$da $e-$fita$git $h0$i1